Asian Geography By Letter - L - Statistics

General Stats
  • This quiz has been taken 42,688 times
    42,544 since last reset
  • The average score is 10 of 18
Answer Stats
Hint Answer % Correct
Landlocked country in Indochina Laos
98%
Country bordered by Israel and Syria Lebanon
98%
Currency of Turkey Lira
80%
The "snowy" type of this big cat is the national animal of Afghanistan Leopard
78%
Second most common Korean surname Lee
64%
National flower of India Lotus
62%
Second largest city in Pakistan Lahore
61%
Term for a religious leader in Tibetan Buddhism Lama
59%
Capital of Tibet Lhasa
58%
Most populous and largest island of the Philippines Luzon
55%
Region that includes Jordan, Israel, Syria, and the above Levant
53%
Singapore's nickname The {Lion} City
51%
Van, Toba, or Balkhash, e.g. Lake
29%
Major conservative political party of Israel Likud
25%
Capital of Uttar Pradesh, India Lucknow
24%
Largest port in Cyprus Limassol
23%
Siberian river that starts in the Baikal Mountains Lena
21%
Sea between the Maldives, India, and Sri Lanka Laccadive Sea
16%
No matching quizzes found
Score Distribution
Percent of People with Each Score
Percentile by Number Answered
Your Score History
You have not taken this quiz since the last reset